[Event "Let's Play Chess!"]
[Site "http://www.queenalice.com/game.php?id=1388391"]
[Date "2015.10.10"]
[Round "-"]
[White "ledeon"]
[Black "masam2014"]
[Result "1-0"]
[WhiteElo "1813"]
[BlackElo "1680"]

1. g4 c6 2. Bg2 d6 3. h3 g6 4. d4 Bg7 5. Nf3 Nf6 6. O-O O-O 7. c4 Qb6 8. Nc3
Nbd7 9. Qd3 Ne8 10. e4 Nc7 11. Bd2 Qxb2 12. Na4 1-0

[Event "Let's Play Chess!"]
[Site "http://www.queenalice.com/game.php?id=1388392"]
[Date "2015.10.10"]
[Round "-"]
[White "ledeon"]
[Black "masam2014"]
[Result "0-1"]
[WhiteElo "1878"]
[BlackElo "1543"]

1. c4 e5 2. Nc3 Nc6 3. d3 d6 4. g3 Nf6 5. Bg2 Bd7 6. Nf3 Be7 7. Ng5 O-O 8. e3
Ng4 9. Nh3 Nf6 10. O-O Nb4 11. f4 Nc6 12. d4 exd4 13. exd4 Na5 0-1

[Event "Let's Play Chess!"]
[Site "http://www.queenalice.com/game.php?id=1388393"]
[Date "2015.10.10"]
[Round "-"]
[White "ledeon"]
[Black "masam2014"]
[Result "0-1"]
[WhiteElo "1908"]
[BlackElo "1513"]

1. e3 e5 2. Bb5 Nf6 3. Ne2 Bb4 4. a3 Bc5 5. c4 O-O 6. b4 Be7 7. Bb2 d6 8. Ba4
Bd7 9. Bc2 a6 10. d4 e4 11. d5 c6 12. Nd2 Bf5 13. dxc6 Nxc6 0-1

[Event "Let's Play Chess!"]
[Site "http://www.queenalice.com/game.php?id=1388394"]
[Date "2015.10.10"]
[Round "-"]
[White "ledeon"]
[Black "Bategoll"]
[Result "1-0"]
[WhiteElo "1894"]
[BlackElo "1861"]

1. Nc3 d5 2. e3 e5 3. Be2 f5 4. d4 e4 5. Nh3 Nf6 6. Nf4 c5 7. dxc5 Nc6 8. Ncxd5
Nxd5 9. Qxd5 Qe7 10. Bh5+ g6 11. Nxg6 1-0

[Event "Let's Play Chess!"]
[Site "http://www.queenalice.com/game.php?id=1388395"]
[Date "2015.10.10"]
[Round "-"]
[White "ledeon"]
[Black "Bategoll"]
[Result "0-1"]
[WhiteElo "1919"]
[BlackElo "1829"]

1. Nf3 Nf6 2. c4 e6 3. Nc3 Bb4 4. Qc2 Bxc3 5. bxc3 c5 6. d4 cxd4 7. cxd4 d5 8.
e3 Nc6 9. Bd3 dxc4 10. Bxc4 Nd5 11. O-O Qe7 12. a3 Bd7 13. e4 Nb6 14. Bd3 e5 15.
Nxe5 Nxe5 16. dxe5 Rc8 17. Qb2 O-O 18. Bd2 Rfe8 19. f4 Bc6 20. Bb5 Qc5+ 0-1

[Event "Let's Play Chess!"]
[Site "http://www.queenalice.com/game.php?id=1388396"]
[Date "2015.10.10"]
[Round "-"]
[White "ledeon"]
[Black "Bategoll"]
[Result "1-0"]
[WhiteElo "1905"]
[BlackElo "1855"]

1. g3 e5 2. d4 exd4 3. Qxd4 d5 4. Nc3 Nc6 5. Qxd5 Bd7 6. a3 Nf6 7. Qd3 Bd6 8.
Bf4 Bxf4 9. gxf4 Qe7 10. Bg2 O-O-O 11. Qf3 Rhe8 12. O-O-O Bg4 13. Rxd8+ Rxd8 14.
Qg3 Bh5 15. Nf3 Qd6 16. Rd1 Qe7 17. Rxd8+ Qxd8 18. Qxg7 Bg6 19. Nh4 1-0

[Event "Let's Play Chess!"]
[Site "http://www.queenalice.com/game.php?id=1388397"]
[Date "2015.10.10"]
[Round "-"]
[White "ledeon"]
[Black "Bategoll"]
[Result "0-1"]
[WhiteElo "1938"]
[BlackElo "1812"]

1. b3 d5 2. Ba3 Nf6 3. d4 e6 4. Bxf8 Rxf8 5. e3 Nc6 6. Nf3 Bd7 7. Bd3 Qe7 8. Nc3
O-O-O 9. O-O h6 10. Re1 Nb4 11. Bf1 Ne4 12. Ne2 f5 13. Ne5 Qh4 14. Ng6 Qxf2+ 15.
Kh1 Rf6 16. Nef4 Qxc2 0-1

[Event "Let's Play Chess!"]
[Site "http://www.queenalice.com/game.php?id=1388398"]
[Date "2015.10.10"]
[Round "-"]
[White "ledeon"]
[Black "Bategoll"]
[Result "0-1"]
[WhiteElo "1905"]
[BlackElo "1852"]

1. a3 e5 2. d4 exd4 3. Qxd4 Nc6 4. Qe3+ Be7 5. Nc3 Nf6 6. Qg3 d5 7. Nb5 Bd6 8.
Nxd6+ cxd6 9. c3 Bf5 10. Qxg7 Rg8 11. Qh6 Rg6 12. Qh4 h5 13. Bg5 Qe7 14. e3
O-O-O 15. Nh3 Bxh3 16. gxh3 Qe4 17. Qxe4 dxe4 18. h4 Rd7 19. Bxf6 Rxf6 20. Bh3
Ne5 21. Bxd7+ Kxd7 22. h3 Nf3+ 23. Ke2 Nxh4 24. a4 Nf3 25. c4 b6 26. a5 Ne5 27.
b3 Kc6 28. Ra4 b5 29. cxb5+ Kxb5 30. Rxe4 a6 31. b4 Nc4 32. Rh4 Rf5 33. Rc1 d5
34. e4 Re5 35. Kd3 dxe4+ 36. Rxe4 Rxe4 37. Kxe4 Kxb4 38. Kd4 Nxa5 39. Rc5 Nb3+
0-1

[Event "Let's Play Chess!"]
[Site "http://www.queenalice.com/game.php?id=1388399"]
[Date "2015.10.10"]
[Round "-"]
[White "ledeon"]
[Black "Bategoll"]
[Result "1-0"]
[WhiteElo "1899"]
[BlackElo "1887"]

1. d4 d5 2. Nf3 Bg4 3. b3 Nc6 4. e3 Nf6 5. Be2 e6 6. O-O Bd6 7. Nc3 h6 8. Bb2
Qe7 9. a3 g5 10. Nb5 O-O-O 11. c4 dxc4 12. bxc4 Rhg8 13. Qb1 Ne4 14. Qxe4 f5 15.
Qc2 Qf7 16. d5 exd5 17. cxd5 Qxd5 18. Bc4 Qc5 19. Bd4 Nxd4 20. exd4 Qb6 21. Bxg8
Rxg8 22. Nxd6+ Qxd6 23. Qb3 f4 24. Qxg8+ 1-0

[Event "Let's Play Chess!"]
[Site "http://www.queenalice.com/game.php?id=1388400"]
[Date "2015.10.10"]
[Round "-"]
[White "ledeon"]
[Black "Bategoll"]
[Result "1-0"]
[WhiteElo "1912"]
[BlackElo "1834"]

1. e4 e5 2. Nf3 d6 3. d4 f5 4. Nc3 Nf6 5. dxe5 dxe5 6. Qxd8+ Kxd8 7. Nxe5 Be6 8.
exf5 Bg8 9. Bg5 Nd7 10. Nxd7 Kxd7 11. O-O-O+ Bd6 12. Bxf6 gxf6 13. g3 Rd8 14.
Ne4 Kc8 15. Nxf6 Bxa2 16. h4 Bf7 17. Bd3 Kb8 18. Ne4 Bb4 19. g4 a6 20. g5 Bh5
21. Rdg1 Bd6 22. Nxd6 Rxd6 23. g6 hxg6 24. fxg6 Rg8 25. g7 Rd7 26. Rg5 Bf3 27.
Rhg1 Bd5 28. h5 Rdxg7 29. Rxg7 Rxg7 30. Rxg7 1-0

[Event "Let's Play Chess!"]
[Site "http://www.queenalice.com/game.php?id=1388402"]
[Date "2015.10.10"]
[Round "-"]
[White "ledeon"]
[Black "Bategoll"]
[Result "1-0"]
[WhiteElo "1903"]
[BlackElo "1845"]

1. e3 e5 2. d4 exd4 3. exd4 d5 4. Nf3 Bg4 5. Be2 Nf6 6. O-O Nc6 7. Re1 Be7 8.
Nc3 O-O 9. Na4 Ne4 10. a3 f5 11. b4 a6 12. Nb2 b5 13. Qd3 Bd6 14. Qb3 Kh8 15. c3
Rb8 16. g3 Be7 17. Nd3 Bf6 18. Nd2 Bh3 19. Nf4 Bg4 20. Nxe4 Bxe2 21. Rxe2 fxe4
22. Qxd5 Qxd5 23. Nxd5 Rbc8 24. Rxe4 a5 25. Bf4 a4 26. Nxc7 h6 27. Nxb5 1-0

[Event "4-4 (led 3-1w 1-3b) (z3-1w 1-3b)"]
[Site "http://www.queenalice.com/game.php?id=1389728"]
[Date "2015.10.18"]
[Round "-"]
[White "ledeon"]
[Black "ztnilz"]
[Result "1-0"]
[WhiteElo "1896"]
[BlackElo "1901"]

1. d4 d5 2. c4 c6 3. Bf4 Nf6 4. e3 e6 5. a3 a5 6. Nf3 Nbd7 7. Bd3 dxc4 8. Bxc4
Be7 9. Ba2 O-O 10. Nc3 b6 11. Nd2 Bb7 12. O-O Nd5 13. Bg3 Nxc3 14. bxc3 b5 15.
Qc2 Re8 16. Ne4 Nf6 17. Nc5 Bc8 18. Rfd1 Bd6 19. Bxd6 Qxd6 20. f3 e5 21. Ne4
Nxe4 22. Qxe4 exd4 23. Qxe8+ 1-0

[Event "AUTO-ADV-3516"]
[Site "http://www.queenalice.com/game.php?id=1389740"]
[Date "2015.10.18"]
[Round "1"]
[White "thw"]
[Black "ledeon"]
[Result "1-0"]
[WhiteElo "1869"]
[BlackElo "1957"]

1. e4 e5 2. Nf3 Nc6 3. Bb5 Nf6 4. d3 d6 5. h3 Be7 6. Nc3 Bd7 7. Bg5 Rc8 8. Bxf6
Bxf6 9. O-O Ne7 10. Bxd7+ Qxd7 11. Nd2 d5 12. exd5 Nxd5 13. Nce4 Be7 14. Qh5 Qe6
15. Nc4 Bd6 16. Qg5 O-O 17. Ncxd6 cxd6 18. c3 f5 19. Ng3 h6 20. Qd2 g5 21. Rae1
Qg6 22. d4 e4 23. Qe2 Nf4 24. Qe3 Nd3 25. Re2 h5 26. Nh1 d5 27. f3 exf3 28. Qxf3
Nf4 29. Re5 h4 30. Rfe1 Rf7 31. Nf2 Rc6 32. Nd3 Nxd3 33. Qxd3 g4 34. hxg4 f4 35.
Qxg6+ Rxg6 36. g5 Rfg7 37. Rxd5 Rxg5 38. Rxg5 Rxg5 39. Kh2 1-0

[Event "AUTO-ADV-3516"]
[Site "http://www.queenalice.com/game.php?id=1389741"]
[Date "2015.10.18"]
[Round "1"]
[White "ledeon"]
[Black "thw"]
[Result "1-0"]
[WhiteElo "1946"]
[BlackElo "1809"]

1. d4 d5 2. c4 e6 3. cxd5 exd5 4. a3 Bd6 5. e3 Nf6 6. Nf3 O-O 7. Qc2 Be6 8. Bd3
h6 9. Bd2 c6 10. Nc3 Nbd7 11. O-O Qc7 12. b4 Rfe8 13. g3 Bg4 14. Kg2 Bxf3+ 15.
Kxf3 a5 16. Ne2 axb4 17. Bxb4 Bxb4 18. axb4 Qd6 19. b5 c5 20. Kg2 c4 21. Bf5 g6
22. Bxd7 Qxd7 23. Rxa8 Rxa8 24. Nf4 Kg7 25. Rb1 b6 26. h4 Qg4 27. f3 Qd7 28. Nh3
Ra5 29. Qb2 Qa7 30. Qe2 c3 31. Rc1 Qc7 32. Nf2 Nh5 33. f4 Nf6 34. Kf3 Rxb5 35.
Qxb5 1-0

[Event "AUTO-ADV-3516"]
[Site "http://www.queenalice.com/game.php?id=1389754"]
[Date "2015.10.18"]
[Round "1"]
[White "ALDROB"]
[Black "ledeon"]
[Result "0-1"]
[WhiteElo "1898"]
[BlackElo "1931"]

1. d4 d5 2. c4 dxc4 3. Nf3 Nd7 4. e4 b5 5. a4 c6 6. Nc3 b4 7. Na2 b3 8. Nc3 Ba6
9. Be2 e6 10. O-O Bb4 11. d5 cxd5 12. exd5 Bxc3 13. dxe6 fxe6 14. bxc3 Nc5 15.
Qxd8+ Rxd8 16. Ba3 Ne4 17. Bb4 Ne7 18. Nd4 Rxd4 19. cxd4 Nc6 20. Bc5 Nxc5 21.
dxc5 Nd4 22. Bg4 Kf7 23. Rfd1 b2 24. Rab1 c3 25. Rxd4 c2 26. Rxb2 c1=Q+ 0-1

[Event "AUTO-ADV-3516"]
[Site "http://www.queenalice.com/game.php?id=1389755"]
[Date "2015.10.18"]
[Round "1"]
[White "ledeon"]
[Black "ALDROB"]
[Result "0-1"]
[WhiteElo "1937"]
[BlackElo "1888"]

1. d4 Nf6 2. c4 g6 3. Nc3 Bg7 4. f4 O-O 5. Nf3 Nc6 6. e4 d6 7. d5 Nb8 8. Be2 Bg4
9. Qd3 Re8 10. O-O Nbd7 11. e5 dxe5 12. Nxe5 Bxe2 13. Nxe2 Nc5 14. Qf3 Nfe4 15.
Be3 Qd6 16. Bxc5 Nxc5 17. b4 Nd7 18. Rab1 Nxe5 19. fxe5 Qxe5 20. Qxf7+ Kh8 21.
Qe6 Qxe6 22. dxe6 Bf6 23. Rb3 Rad8 24. Re1 Rd2 25. a3 Bg5 26. Rf3 Bf6 27. g3
Red8 28. Nf4 c6 29. Kf1 Rxh2 30. Rf2 Rxf2+ 31. Kxf2 Rd2+ 32. Re2 Rxe2+ 33. Kxe2
Kg7 34. b5 cxb5 35. cxb5 b6 0-1

[Event "AUTO-ADV-3516"]
[Site "http://www.queenalice.com/game.php?id=1389764"]
[Date "2015.10.18"]
[Round "1"]
[White "ledeon"]
[Black "Parma"]
[Result "0-1"]
[WhiteElo "1925"]
[BlackElo "1821"]

1. Nc3 d5 2. d4 Nf6 3. Bg5 e6 4. Qd3 h6 5. Bxf6 Qxf6 6. Rd1 c5 7. Nb5 Na6 8. Qf3
Qg6 9. Qd3 Qf6 10. Nf3 c4 11. Qd2 Bd7 12. Qa5 Bb4+ 0-1

[Event "AUTO-ADV-3516"]
[Site "http://www.queenalice.com/game.php?id=1389765"]
[Date "2015.10.18"]
[Round "1"]
[White "Parma"]
[Black "ledeon"]
[Result "1-0"]
[WhiteElo "1834"]
[BlackElo "1928"]

1. d4 d5 2. c4 c6 3. e3 h6 4. Be2 Bf5 5. Nf3 e6 6. O-O Nf6 7. Nc3 dxc4 8. Bxc4
Be7 9. Nh4 Bh7 10. f4 Nbd7 11. Nf3 O-O 12. Bd3 Re8 13. Ne5 Nf8 14. Bxh7+ N6xh7
15. a3 f6 16. Nf3 Qd6 17. Qc2 g5 18. fxg5 hxg5 19. Ne2 g4 20. Nd2 Ng5 21. Nc4
Qd5 22. b4 b5 23. Na5 Rac8 24. Nc3 Qd7 25. Ne4 f5 26. Nxg5 Bxg5 27. Bd2 Bd8 28.
Nb3 Nh7 29. Nc5 Qg7 30. Bc3 Bg5 31. Rae1 Nf6 32. Qb3 Nd5 33. Bd2 Rc7 34. Nd3 Bf6
35. Nc5 1-0

[Event "Challenge"]
[Site "http://www.queenalice.com/game.php?id=1391322"]
[Date "2015.10.28"]
[Round "-"]
[White "ledeon"]
[Black "tucuman"]
[Result "1-0"]
[WhiteElo "1968"]
[BlackElo "1672"]

1. d4 d5 2. Nf3 e6 3. Bg5 Be7 4. Bxe7 Qxe7 5. c3 Nc6 6. Qd2 Nf6 7. Qg5 O-O 8. e3
Ne4 9. Qxe7 Nxe7 10. Ne5 h6 11. f3 Nd6 12. Be2 Ng6 13. Nd2 Nxe5 14. dxe5 Ne8 15.
a4 a6 16. f4 c6 17. c4 Bd7 18. Nf3 f6 19. h4 dxc4 20. Bxc4 f5 21. Nd4 Nc7 22.
Kd2 b5 23. axb5 cxb5 24. Bb3 Nd5 25. Bxd5 exd5 26. e6 Bc8 27. Nxb5 Bxe6 28. Nc7
Bf7 29. Nxa8 Rxa8 30. Ra5 Kh7 31. Rha1 d4 32. exd4 g6 33. Rxa6 Rd8 34. R1a4 1-0

[Event "Challenge"]
[Site "http://www.queenalice.com/game.php?id=1391323"]
[Date "2015.10.28"]
[Round "-"]
[White "ledeon"]
[Black "tucuman"]
[Result "1-0"]
[WhiteElo "1919"]
[BlackElo "1624"]

1. e4 e5 2. Nf3 d6 3. g3 Bg4 4. Be2 Bh3 5. d4 Bg2 6. Rg1 Bxf3 7. Bxf3 exd4 8.
Qxd4 Nc6 9. Qa4 Qd7 10. Bf4 O-O-O 11. Nc3 Kb8 12. O-O-O a6 13. e5 Qh3 14. Bxc6
Qc8 15. Qb3 b6 16. Na4 Ka7 17. Nxb6 Qb8 18. Nc4 Qxb3 19. axb3 Be7 20. exd6 Bxd6
21. Bxd6 cxd6 22. Nxd6 Nh6 23. Nc4 Rc8 24. Rd7+ Kb8 25. Rb7+ Ka8 26. Nb6# 1-0

[Event "AUTO-ADV-3474"]
[Site "http://www.queenalice.com/game.php?id=1398077"]
[Date "2015.12.9"]
[Round "2"]
[White "ledeon"]
[Black "Fauquinelle"]
[Result "0-1"]
[WhiteElo "1951"]
[BlackElo "2043"]

1. d4 f5 2. Nf3 Nf6 3. g3 e6 4. Bg2 d5 5. O-O c6 6. Qd3 Bd6 7. c4 b6 8. Na3 Ba6
9. b3 Qe7 10. Nc2 Nbd7 11. Bf4 Bxf4 12. gxf4 Nh5 13. e3 O-O-O 14. Qc3 Bb7 15. b4
Nhf6 16. h3 Ne4 17. Qb3 g5 18. fxg5 Nxg5 0-1

[Event "AUTO-ADV-3474"]
[Site "http://www.queenalice.com/game.php?id=1398078"]
[Date "2015.12.9"]
[Round "2"]
[White "Fauquinelle"]
[Black "ledeon"]
[Result "1-0"]
[WhiteElo "2055"]
[BlackElo "1939"]

1. e4 e5 2. Nf3 Nc6 3. d4 exd4 4. Nxd4 Nf6 5. Nxc6 bxc6 6. Nc3 d5 7. Bg5 Bb4 8.
exd5 Qxd5 9. Bxf6 Qxd1+ 10. Rxd1 gxf6 11. Kd2 Be6 12. a3 Ba5 13. b4 Bb6 14. f3
Ke7 15. Bd3 c5 16. Na4 cxb4 17. Nxb6 axb6 18. axb4 1-0